MotoGP Race Winners - Statistics

General Stats
  • This quiz has been taken 1,636 times
    376 since last reset
  • The average score is 38 of 124
Answer Stats
Wins Rider Country % Correct
73 Marc Márquez Spain
100%
89 Valentino Rossi Italy
100%
4 Álex Márquez Spain
98%
38 Casey Stoner Australia
91%
47 Jorge Lorenzo Spain
91%
31 Francesco Bagnaia Italy
88%
11 Fabio Quartararo France
85%
68 Giacomo Agostini Italy
84%
31 Dani Pedrosa Spain
82%
54 Mick Doohan Australia
79%
9 Jorge Martín Spain
78%
1 Joan Mir Spain
77%
3 Nicky Hayden United States
74%
2 Johann Zarco France
71%
4 Jack Miller Australia
69%
9 Marco Bezzecchi Italy
69%
6 Álex Rins Spain
67%
15 Andrea Dovizioso Italy
67%
3 Franco Morbidelli Italy
66%
10 Maverick Viñales Spain
64%
2 Brad Binder South Africa
63%
22 Kenny Roberts United States
59%
8 Kenny Roberts, Jr. United States
59%
7 Enea Bastianini Italy
58%
5 Miguel Oliveira Portugal
56%
13 Max Biaggi Italy
55%
3 Aleix Espargaró Spain
54%
1 Raúl Fernández Spain
54%
2 Fabio Di Giannantonio Italy
52%
22 John Surtees United Kingdom
52%
3 Cal Crutchlow United Kingdom
51%
25 Kevin Schwantz United States
51%
15 Àlex Crivillé Spain
50%
1 Fermín Aldeguer Spain
49%
37 Mike Hailwood United Kingdom
48%
9 Loris Capirossi Italy
47%
24 Wayne Rainey United States
47%
31 Eddie Lawson United States
46%
2 Danilo Petrucci Italy
40%
20 Freddie Spencer United States
40%
9 Sete Gibernau Spain
40%
18 Wayne Gardner Australia
38%
7 Alex Barros Brazil
37%
1 Andrea Iannone Italy
37%
5 Marco Melandri Italy
34%
11 Phil Read United Kingdom
34%
1 Ben Spies United States
33%
19 Barry Sheene United Kingdom
32%
22 Geoff Duke United Kingdom
30%
6 Marco Lucchinelli Italy
28%
5 Franco Uncini Italy
26%
8 Gary Hocking Rhodesia and Nyasaland
26%
1 Toni Elías Spain
26%
5 Leslie Graham United Kingdom
24%
1 Chris Vermeulen Australia
23%
4 Libero Liberati Italy
23%
13 Randy Mamola United States
23%
1 Troy Bayliss Australia
23%
2 Carlos Checa Spain
22%
6 Umberto Masetti United Kingdom
22%
8 Luca Cadalora Italy
20%
3 Norifumi Abe Japan
20%
1 Tohru Ukawa Japan
18%
4 John Kocinski United States
17%
4 Tadayuki Okada Japan
17%
3 Garry McCoy Australia
16%
2 Jarno Saarinen Finland
16%
2 Makoto Tamada Japan
16%
3 Daryl Beattie Australia
14%
2 Jim Redman Rhodesia
14%
3 Johnny Cecotto Venezuela
14%
1 Régis Laconi France
13%
1 Simon Crafar New Zealand
13%
1 Alberto Puig Spain
12%
1 Christian Sarron France
11%
1 John Williams United Kingdom
11%
1 Pierfrancesco Chili Italy
11%
4 Reg Armstrong Ireland
11%
2 Virginio Ferrari Italy
11%
5 Wil Hartog Netherlands
11%
3 Alberto Pagani Italy
9%
3 Alfredo Milani Italy
9%
3 Jack Findlay Australia
9%
2 Jack Middelburg Netherlands
9%
2 Nello Pagani Italy
9%
3 Pat Hennen United States
9%
2 Ray Amm Southern Rhodesia
9%
1 Teuvo Länsivuori Finland
9%
1 Benedicto Caldarella Argentina
8%
1 Bob McIntyre United Kingdom
8%
1 Boet van Dulmen Netherlands
8%
1 Dennis Ireland New Zealand
8%
2 Fergus Anderson United Kingdom
8%
1 Gianfranco Bonera Italy
8%
1 Harold Daniell United Kingdom
8%
1 Hideo Kanaya Japan
8%
1 Jack Brett United Kingdom
8%
1 Jorge Kissling Argentina
8%
1 Kevin Magee Australia
8%
1 Mick Grant United Kingdom
8%
1 Phil Carpenter United Kingdom
8%
1 Pierre Monneret France
8%
1 Remo Venturi Italy
8%
1 Takazumi Katayama Japan
8%
1 Bill Lomas United Kingdom
7%
1 Cromie McCandless United Kingdom
7%
1 Dave Simmonds United Kingdom
7%
1 Edmund Czihak Germany
7%
3 John Hartle United Kingdom
7%
1 Michel Frutschi Switzerland
7%
1 Bill Doran United Kingdom
6%
1 Dick Creith United Kingdom
6%
1 Dickie Dale United Kingdom
6%
1 Giuseppe Colnago Italy
6%
1 Godfrey Nash United Kingdom
6%
1 Jack Ahearn Australia
6%
1 John Newbold United Kingdom
6%
1 Kim Newcombe New Zealand
6%
1 Tom Herron United Kingdom
4%
1 Alan Shepherd United Kingdom
3%
1 Angelo Bergamonti Italy
3%
1 Frantisek Stastny Czechoslovakia
3%
1 Kevin Kavanagh Australia
3%
1 Chas Mortimer United Kingdom
2%
No matching quizzes found
Score Distribution
Percent of People with Each Score
Percentile by Number Answered
Your Score History
You have not taken this quiz since the last reset